[Event "ITA-chT Final 52nd"]
[Site "Montesilvano"]
[Date "2021.09.25"]
[Round "1.4"]
[White "Milazzo, Mario"]
[Black "Mazzilli, Piero"]
[Result "0-1"]
[WhiteElo "2098"]
[BlackElo "2318"]
[PlyCount "74"]
[EventDate "2021.09.25"]
[EventType "team-tourn"]
[EventRounds "3"]
[EventCountry "ITA"]
[SourceTitle "CBM 204 Extra"]
[Source "ChessBase"]
[SourceDate "2021.11.30"]
[SourceVersion "1"]
[SourceVersionDate "2021.11.30"]
[SourceQuality "1"]
[WhiteTeam "Canal Cib Unigas"]
[BlackTeam "Palermo Circolo"]
[WhiteTeamCountry "ITA"]
[BlackTeamCountry "ITA"]

1. d4 d5 2. Nf3 Nf6 3. c4 c6 4. g3 dxc4 5. Bg2 g6 6. Ne5 Be6 7. 0-0 Nbd7 8. Qc2 Nxe5 9. dxe5 Ng4 10. Bf4 Bg7 11. Rd1 Qb6 12. e3 Nxe5 13. Nc3 0-0 14. Na4 Qb4 15. e4 b5 16. Nc3 Nd3 17. Rab1 Rad8 18. Bd2 Bd4 19. Rf1 Qc5 20. Nd1 Bg4 21. Ne3 Be2 22. Bb4 Nxb4 23. Qxe2 Bxe3 24. Qxe3 Qxe3 25. fxe3 Rd2 26. a3 Nc2 27. Rf2 Rfd8 28. e5 Rd1+ 29. Rxd1 Rxd1+ 30. Rf1 Rxf1+ 31. Bxf1 Nxe3 32. Be2 e6 33. Kf2 Nd5 34. Kf3 Kf8 35. Ke4 c3 36. Bd3 cxb2 37. Kd4 c5+ 0-1

[Event "ITA-chTB 52nd"]
[Site "Montesilvano"]
[Date "2021.09.21"]
[Round "2.4"]
[White "Raccanello, Marianna"]
[Black "Milazzo, Mario"]
[Result "0-1"]
[WhiteElo "2028"]
[BlackElo "2098"]
[PlyCount "86"]
[EventDate "2021.09.20"]
[EventType "team-tourn"]
[EventRounds "7"]
[EventCountry "ITA"]
[SourceTitle "CBM 204 Extra"]
[Source "ChessBase"]
[SourceDate "2021.11.30"]
[SourceVersion "1"]
[SourceVersionDate "2021.11.30"]
[SourceQuality "1"]
[WhiteTeam "Rome Arrocco"]
[BlackTeam "Canal Cib Unigas"]
[WhiteTeamCountry "ITA"]
[BlackTeamCountry "ITA"]

1. e4 e5 2. Nf3 Nc6 3. Bc4 Nf6 4. d4 exd4 5. e5 d5 6. Bb5 Ne4 7. Nxd4 Bd7 8. Bxc6 bxc6 9. 0-0 Be7 10. f3 Ng5 11. Be3 0-0 12. f4 Ne4 13. Nd2 Nxd2 14. Qxd2 c5 15. Nf3 d4 16. Bf2 Bf5 17. Rad1 Qd5 18. b3 Rad8 19. Kh1 Be4 20. Bg1 f6 21. exf6 Bxf6 22. Ng5 Bf5 23. c3 h6 24. Nf3 Be4 25. c4 Qb7 26. Ne1 Qc6 27. Nd3 Rf7 28. h3 Rdf8 29. Bh2 g6 30. Bg3 Bg7 31. Rf2 g5 32. Rdf1 Qd6 33. Bh2 Qc6 34. Ne5 Bxe5 35. fxe5 Bxg2+ 36. Rxg2 Rxf1+ 37. Bg1 Qf3 38. Kh2 Qf4+ 39. Qxf4 R1xf4 40. Re2 Kf7 41. Bf2 Ke6 42. Bg3 Rf3 43. Rd2 Rc3 0-1

[Event "Trieste op 15th"]
[Site "Trieste"]
[Date "2013.09.06"]
[Round "8"]
[White "Cretnik, Urban"]
[Black "Milazzo, Mario"]
[Result "1/2-1/2"]
[WhiteElo "1924"]
[BlackElo "2040"]
[PlyCount "99"]
[EventDate "2013.08.31"]
[EventType "swiss"]
[EventRounds "9"]
[EventCountry "ITA"]
[SourceTitle "CBM 156 Extra"]
[Source "ChessBase"]
[SourceDate "2013.10.22"]
[SourceVersion "1"]
[SourceVersionDate "2013.10.22"]
[SourceQuality "1"]

1. e4 d5 2. exd5 Qxd5 3. Nc3 Qd6 4. d4 Nf6 5. Bc4 a6 6. Nf3 Nc6 7. h3 Bf5 8. 0-0 e6 9. a3 Rd8 10. Be3 Be7 11. Qd2 0-0 12. Rad1 Nd5 13. Nxd5 exd5 14. Bf4 Qg6 15. Bd3 Bxd3 16. Qxd3 Qxd3 17. Rxd3 Bd6 18. Bxd6 Rxd6 19. Re1 Rfd8 20. Rde3 f6 21. c3 Kf7 22. Nh4 g6 23. f4 R6d7 24. Nf3 Re7 25. Rxe7+ Nxe7 26. Kf2 Rd6 27. g4 Re6 28. Rxe6 Kxe6 29. Ke3 Nc6 30. Nd2 Ne7 31. Nb3 b6 32. Nc1 Nc8 33. Nb3 Nd6 34. Nd2 f5 35. a4 Ne4 36. g5 Nd6 37. h4 Nc4+ 38. Nxc4 dxc4 39. a5 b5 40. Kf2 Kd5 41. Kf3 Kd6 42. Ke2 Kc6 43. Ke3 Kd5 44. Kf3 c5 45. dxc5 Kxc5 46. Ke3 b4 47. cxb4+ Kxb4 48. Kd4 Kb5 49. Kd5 Kb4 50. Kd6 1/2-1/2

[Event "Trieste op 15th"]
[Site "Trieste"]
[Date "2013.08.31"]
[Round "1"]
[White "Eggleston, David"]
[Black "Milazzo, Mario"]
[Result "1-0"]
[WhiteElo "2363"]
[BlackElo "2040"]
[PlyCount "87"]
[EventDate "2013.08.31"]
[EventType "swiss"]
[EventRounds "9"]
[EventCountry "ITA"]
[SourceTitle "CBM 156 Extra"]
[Source "ChessBase"]
[SourceDate "2013.10.22"]
[SourceVersion "1"]
[SourceVersionDate "2013.10.22"]
[SourceQuality "1"]

1. e4 e5 2. Nf3 Nc6 3. Bc4 Nf6 4. d3 Be7 5. c3 d6 6. Bb3 0-0 7. 0-0 Na5 8. Bc2 c5 9. Nbd2 Qc7 10. Re1 Re8 11. Nf1 Nc6 12. Ne3 Bf8 13. d4 cxd4 14. cxd4 Nxd4 15. Nxd4 exd4 16. Qxd4 Qc5 17. Qxc5 dxc5 18. f3 Be6 19. Bd2 c4 20. e5 Nd5 21. Nxc4 Rec8 22. Bb3 Nb4 23. Nd6 Nc2 24. Nxc8 Bxb3 25. axb3 Nxa1 26. Rxa1 Rxc8 27. Bc3 Rd8 28. Kf1 a6 29. Ke2 Bc5 30. Rd1 Rxd1 31. Kxd1 Kf8 32. Ke2 Ke7 33. Kd3 Bg1 34. h3 g6 35. f4 Kd7 36. g4 Kc6 37. Ke4 Bc5 38. f5 Be7 39. Be1 b6 40. Bd2 Kc5 41. f6 Bf8 42. e6 fxe6 43. Ke5 Kc6 44. Kxe6 1-0

[Event "Padova op-A 15th"]
[Site "Padova"]
[Date "2012.12.20"]
[Round "6"]
[White "Giuriato, Sergio"]
[Black "Milazzo, Mario"]
[Result "1/2-1/2"]
[WhiteElo "1959"]
[BlackElo "2091"]
[PlyCount "55"]
[EventDate "2012.12.16"]
[EventType "swiss"]
[EventRounds "9"]
[EventCountry "ITA"]
[SourceTitle "EXT 2024"]
[Source "ChessBase"]
[SourceDate "2023.10.10"]
[SourceVersion "1"]
[SourceVersionDate "2023.10.10"]
[SourceQuality "1"]

1. d4 f5 2. g3 Nf6 3. Bg2 g6 4. c4 Bg7 5. Nf3 d6 6. Nc3 0-0 7. 0-0 Qe8 8. d5 Na6 9. Nd4 Bd7 10. e4 fxe4 11. Nxe4 Nxe4 12. Bxe4 Nc5 13. Bg2 a5 14. Bg5 h6 15. Be3 Kh7 16. Qd2 Qf7 17. f4 Qf6 18. Rae1 b6 19. Re2 Rae8 20. h3 e6 21. Nxe6 Nxe6 22. dxe6 Bxe6 23. b3 Bd7 24. Kh2 Re7 25. Rfe1 Rfe8 26. Bf2 Rxe2 27. Rxe2 Rxe2 28. Qxe2 1/2-1/2

[Event "Padova op-A 15th"]
[Site "Padova"]
[Date "2012.12.18"]
[Round "4"]
[White "Battagin, Mose"]
[Black "Milazzo, Mario"]
[Result "1/2-1/2"]
[WhiteElo "1816"]
[BlackElo "2091"]
[PlyCount "84"]
[EventDate "2012.12.16"]
[EventType "swiss"]
[EventRounds "9"]
[EventCountry "ITA"]
[SourceTitle "EXT 2024"]
[Source "ChessBase"]
[SourceDate "2023.10.10"]
[SourceVersion "1"]
[SourceVersionDate "2023.10.10"]
[SourceQuality "1"]

1. e4 e5 2. Nf3 Nc6 3. Bc4 Nf6 4. d3 Bc5 5. Nc3 h6 6. 0-0 d6 7. Nd5 Nxd5 8. Bxd5 0-0 9. c3 Ne7 10. Bb3 Ng6 11. d4 Bb6 12. Be3 Qf6 13. h3 Nf4 14. Bxf4 Qxf4 15. dxe5 dxe5 16. Bc2 Be6 17. Qd2 Qf6 18. Qe2 Rae8 19. Nd2 Rd8 20. Rad1 a6 21. a3 g5 22. Nc4 Rxd1 23. Bxd1 Bxc4 24. Qxc4 Rd8 25. Qe2 Qf4 26. Qg4 Qxg4 27. Bxg4 Rd2 28. b4 Rc2 29. a4 a5 30. Bc8 Rxc3 31. bxa5 Bxa5 32. Bxb7 Ra3 33. Bc6 Bb6 34. Rd1 Ra2 35. Rd7 Ra1+ 36. Kh2 Bxf2 37. Rxc7 h5 38. g4 h4 39. Kg2 Bd4 40. Bd5 Rg1+ 41. Kh2 Rf1 42. a5 Rf2+ 1/2-1/2

[Event "Padova op-A 15th"]
[Site "Padova"]
[Date "2012.12.17"]
[Round "2"]
[White "Milazzo, Mario"]
[Black "Baschirotto, Marco"]
[Result "1/2-1/2"]
[WhiteElo "2091"]
[BlackElo "1888"]
[PlyCount "118"]
[EventDate "2012.12.16"]
[EventType "swiss"]
[EventRounds "9"]
[EventCountry "ITA"]
[SourceTitle "EXT 2024"]
[Source "ChessBase"]
[SourceDate "2023.10.10"]
[SourceVersion "1"]
[SourceVersionDate "2023.10.10"]
[SourceQuality "1"]

1. c4 c5 2. Nc3 g6 3. g3 Bg7 4. Bg2 Nc6 5. e3 d6 6. Nge2 Bd7 7. 0-0 Qc8 8. Nf4 Nf6 9. d3 e5 10. Nfd5 Nxd5 11. Nxd5 Ne7 12. Nxe7 Kxe7 13. Rb1 Bh3 14. Qf3 Bxg2 15. Qxg2 Rb8 16. b4 b6 17. f4 Qb7 18. e4 f6 19. fxe5 fxe5 20. Bg5+ Ke8 21. Qh3 Qc8 22. Qh4 Rb7 23. Bf6 Qe6 24. Bxg7 Rxg7 25. Rf6 Qd7 26. b5 Rf8 27. Rbf1 Rxf6 28. Qxf6 Qe7 29. Qf3 Rf7 30. Qg4 Rxf1+ 31. Kxf1 Qd7 32. Qg5 Qh3+ 33. Kg1 Qe6 34. Kg2 Qf7 35. h4 Qe7 36. Qh6 Qf7 37. h5 Ke7 38. hxg6 hxg6 39. Qh8 g5 40. Qh3 Qg7 41. Kf3 Qf7+ 42. Kg2 Qg7 43. Qg4 Qg8 44. Kf3 Qf7+ 45. Ke3 Qg8 46. Ke2 Kd8 47. Kd2 Ke7 48. Kc3 Kd8 49. Qf5 g4 50. Qf6+ Kd7 51. a3 Qh7 52. Qf8 Qh1 53. Qf7+ Kd8 54. Qg8+ Ke7 55. Qg5+ Ke8 56. Qg8+ Ke7 57. Qg7+ Ke8 58. Qg6+ Ke7 59. Qg5+ Ke8 1/2-1/2

[Event "Cavarzere op 15th"]
[Site "Cavarzere"]
[Date "2012.10.28"]
[Round "6"]
[White "Milazzo, Mario"]
[Black "Giuriato, Sergio"]
[Result "1-0"]
[WhiteElo "2075"]
[BlackElo "1981"]
[PlyCount "65"]
[EventDate "2012.10.20"]
[EventType "swiss"]
[EventRounds "6"]
[EventCountry "ITA"]
[SourceTitle "EXT 2015"]
[Source "ChessBase"]
[SourceDate "2014.11.20"]
[SourceVersion "1"]
[SourceVersionDate "2014.11.20"]
[SourceQuality "1"]

1. c4 e6 2. Nf3 Nf6 3. g3 d5 4. d4 Be7 5. Bg2 0-0 6. 0-0 dxc4 7. Ne5 Nc6 8. Bxc6 bxc6 9. Nxc6 Qe8 10. Nxe7+ Qxe7 11. Qa4 c5 12. Qxc4 cxd4 13. Qxd4 e5 14. Qh4 Rb8 15. Nc3 Rb4 16. e4 Qe6 17. b3 Rd4 18. Bg5 Bb7 19. Bxf6 gxf6 20. Rad1 Rfd8 21. Qh5 Rxd1 22. Rxd1 Rd4 23. Qf3 Kg7 24. h4 Qd6 25. Nd5 Rxd1+ 26. Qxd1 f5 27. Qf3 fxe4 28. Qg4+ Kh8 29. Ne3 Qc7 30. Qg5 Qc1+ 31. Kg2 Qb2 32. Qd8+ Kg7 33. Nf5+ 1-0

[Event "Cavarzere op 15th"]
[Site "Cavarzere"]
[Date "2012.10.28"]
[Round "5"]
[White "Negro, Roberto"]
[Black "Milazzo, Mario"]
[Result "1-0"]
[WhiteElo "2106"]
[BlackElo "2075"]
[PlyCount "77"]
[EventDate "2012.10.20"]
[EventType "swiss"]
[EventRounds "6"]
[EventCountry "ITA"]
[SourceTitle "EXT 2015"]
[Source "ChessBase"]
[SourceDate "2014.11.20"]
[SourceVersion "1"]
[SourceVersionDate "2014.11.20"]
[SourceQuality "1"]

1. Nf3 d6 2. d4 g6 3. e4 Bg7 4. Nc3 Nd7 5. Bc4 e5 6. Bxf7+ Kf8 7. Ng5 Nb6 8. dxe5 Bxe5 9. Bb3 Nh6 10. Qf3+ Qf6 11. Nb5 Ke7 12. Qxf6+ Bxf6 13. Nxc7 Rb8 14. 0-0 Ng4 15. a4 h6 16. Nf3 Kd7 17. Nb5 a6 18. Nbd4 Ke7 19. c3 Nd7 20. h3 Nge5 21. Nxe5 dxe5 22. Nf3 Nc5 23. Bd5 Bd7 24. b3 Bg7 25. Be3 Rhc8 26. a5 Kf6 27. Bxc5 Rxc5 28. c4 g5 29. Ne1 Bf8 30. Nd3 Rcc8 31. Rfb1 h5 32. f3 g4 33. fxg4 Be6 34. Rf1+ Ke7 35. gxh5 Bh6 36. Nxe5 Be3+ 37. Kh1 Bd4 38. Ng6+ Kd6 39. Rad1 1-0

[Event "Chioggia op-A 07th"]
[Site "Chioggia"]
[Date "2012.10.14"]
[Round "4"]
[White "Milazzo, Mario"]
[Black "Xia, Jie"]
[Result "0-1"]
[WhiteElo "2075"]
[BlackElo "2243"]
[PlyCount "70"]
[EventDate "2012.10.12"]
[EventType "swiss"]
[EventRounds "5"]
[EventCountry "ITA"]
[SourceTitle "EXT 2014"]
[Source "ChessBase"]
[SourceDate "2013.11.20"]
[SourceVersion "1"]
[SourceVersionDate "2013.11.20"]
[SourceQuality "1"]

1. c4 Nf6 2. Nc3 g6 3. g3 Bg7 4. Bg2 0-0 5. e4 d6 6. Nge2 c5 7. 0-0 Nc6 8. d3 a6 9. h3 Ne8 10. f4 e6 11. Be3 Nd4 12. Bf2 Rb8 13. Nxd4 cxd4 14. Ne2 e5 15. Qc2 Bd7 16. Rac1 Rc8 17. Qb3 Nc7 18. c5 Bc6 19. cxd6 Qxd6 20. Qb6 Rfd8 21. Be1 Ne6 22. Bb4 Qd7 23. Qa5 Bb5 24. Qa3 Rxc1 25. Rxc1 Bh6 26. Bf3 exf4 27. Ba5 Rc8 28. Rxc8+ Qxc8 29. Bg4 fxg3 30. Qd6 Be3+ 31. Kg2 Bxd3 32. Nxd4 Bxd4 33. Bxe6 Qc2+ 34. Kxg3 Qf2+ 35. Kg4 Be2+ 0-1

[Event "ITA-ch B"]
[Site "Civitanova Marche"]
[Date "2012.07.20"]
[Round "6"]
[White "Coqueraut, Jean Dominique"]
[Black "Milazzo, Mario"]
[Result "1/2-1/2"]
[WhiteElo "1809"]
[BlackElo "2077"]
[PlyCount "66"]
[EventDate "2012.07.15"]
[EventType "swiss"]
[EventRounds "8"]
[EventCountry "ITA"]
[SourceTitle "EXT 2023"]
[Source "ChessBase"]
[SourceDate "2022.10.05"]
[SourceVersion "1"]
[SourceVersionDate "2022.10.05"]
[SourceQuality "1"]

1. d4 f5 2. g3 Nf6 3. Bg2 g6 4. Nc3 Bg7 5. e4 fxe4 6. Nxe4 Nxe4 7. Bxe4 d5 8. Bg2 Nc6 9. c3 Bf5 10. Qb3 e6 11. Qxb7 Na5 12. Qb5+ c6 13. Qe2 0-0 14. Nf3 Be4 15. 0-0 Qf6 16. Ne5 Bxg2 17. Kxg2 Qf5 18. Nd7 Rfd8 19. Nc5 e5 20. g4 Qf7 21. dxe5 Qe7 22. Nd3 Nc4 23. f4 Nd6 24. Bd2 Re8 25. Rae1 Rf8 26. b3 Rae8 27. h3 Ne4 28. Rf3 g5 29. f5 Bxe5 30. Nxe5 Qxe5 31. Qd3 Qd6 32. b4 Qf6 33. Rfe3 Rd8 1/2-1/2

[Event "ITA-ch B"]
[Site "Civitanova Marche"]
[Date "2012.07.18"]
[Round "4"]
[White "Milazzo, Mario"]
[Black "Pacilli, Emanuele"]
[Result "0-1"]
[WhiteElo "2077"]
[BlackElo "2168"]
[PlyCount "54"]
[EventDate "2012.07.15"]
[EventType "swiss"]
[EventRounds "8"]
[EventCountry "ITA"]
[SourceTitle "EXT 2023"]
[Source "ChessBase"]
[SourceDate "2022.10.05"]
[SourceVersion "1"]
[SourceVersionDate "2022.10.05"]
[SourceQuality "1"]

1. c4 f5 2. Nc3 Nf6 3. g3 e6 4. d4 Be7 5. Bg2 d6 6. Nf3 0-0 7. 0-0 Qe8 8. Qd3 Qh5 9. e4 fxe4 10. Nxe4 Nxe4 11. Qxe4 a5 12. Bd2 c6 13. Qe3 Na6 14. a3 Nc7 15. b4 axb4 16. Bxb4 g5 17. Nd2 Rf6 18. Ne4 Rh6 19. h3 e5 20. g4 Bxg4 21. dxe5 Ne6 22. Ng3 Qh4 23. exd6 Bf8 24. d7 Nf4 25. Rfd1 Bxh3 26. Nf5 Bxf5 27. Bf3 Qh2+ 0-1

[Event "ITA-ch B"]
[Site "Civitanova Marche"]
[Date "2012.07.17"]
[Round "3"]
[White "Milazzo, Mario"]
[Black "Gattafoni, Alessio"]
[Result "1-0"]
[WhiteElo "2077"]
[BlackElo "1985"]
[PlyCount "57"]
[EventDate "2012.07.15"]
[EventType "swiss"]
[EventRounds "8"]
[EventCountry "ITA"]
[SourceTitle "EXT 2023"]
[Source "ChessBase"]
[SourceDate "2022.10.05"]
[SourceVersion "1"]
[SourceVersionDate "2022.10.05"]
[SourceQuality "1"]

1. c4 e6 2. Nf3 d5 3. d4 Nf6 4. g3 c6 5. Bg2 Nbd7 6. b3 Ne4 7. 0-0 Be7 8. Nbd2 Nxd2 9. Nxd2 0-0 10. Bb2 Re8 11. e4 dxe4 12. Nxe4 Qc7 13. Rc1 Nf6 14. Qf3 Bd7 15. Rfd1 Rac8 16. Qd3 h6 17. d5 Nxe4 18. Bxe4 Bf8 19. d6 Qd8 20. c5 f5 21. Bf3 Kh7 22. Re1 b6 23. b4 bxc5 24. bxc5 Rb8 25. Bc3 Rb5 26. Bh5 g6 27. Qd4 gxh5 28. Qh8+ Kg6 29. Qg8+ 1-0

[Event "Noale Szabados Memorial-A 5th"]
[Site "Noale"]
[Date "2012.02.05"]
[Round "4"]
[White "Litrico, Paolo"]
[Black "Milazzo, Mario"]
[Result "1/2-1/2"]
[WhiteElo "1979"]
[BlackElo "2092"]
[PlyCount "67"]
[EventDate "2012.02.03"]
[EventType "swiss"]
[EventRounds "5"]
[EventCountry "ITA"]
[SourceTitle "EXT 2022"]
[Source "ChessBase"]
[SourceDate "2021.10.06"]
[SourceVersion "1"]
[SourceVersionDate "2021.10.06"]
[SourceQuality "1"]

1. d4 f5 2. Nc3 Nf6 3. Bg5 d5 4. Bxf6 exf6 5. e3 Bd6 6. Nxd5 c6 7. Nc3 Be6 8. Bd3 Qb6 9. Rb1 Na6 10. a3 0-0-0 11. b4 Nb8 12. Na4 Qc7 13. Nc5 Bxc5 14. bxc5 f4 15. Qd2 fxe3 16. fxe3 h5 17. Ne2 g5 18. 0-0 Nd7 19. Rb2 f5 20. Bxf5 Nxc5 21. Bxe6+ Nxe6 22. Qc3 Rhf8 23. Rfb1 b6 24. Nc1 g4 25. Nd3 g3 26. h3 Ng5 27. Nf4 Rde8 28. a4 Ne4 29. Qd3 Nf2 30. Qg6 Rxe3 31. Ne6 Qf7 32. Nxf8 Nxh3+ 33. Kh1 Nf2+ 34. Kg1 1/2-1/2

[Event "Arco op 33rd"]
[Site "Arco"]
[Date "2011.10.26"]
[Round "5"]
[White "Knitl, Anton"]
[Black "Milazzo, Mario"]
[Result "1-0"]
[WhiteElo "2188"]
[BlackElo "2077"]
[PlyCount "73"]
[EventDate "2011.10.22"]
[EventType "swiss"]
[EventRounds "9"]
[EventCountry "ITA"]
[SourceTitle "EXT 2012"]
[Source "ChessBase"]
[SourceDate "2011.11.24"]
[SourceVersion "1"]
[SourceVersionDate "2011.11.24"]
[SourceQuality "1"]

1. d4 f5 2. g3 Nf6 3. Bg2 g6 4. c3 Bg7 5. Qb3 d5 6. Nf3 Nbd7 7. 0-0 0-0 8. c4 e6 9. Bf4 c6 10. Nbd2 Re8 11. Ne5 Nxe5 12. Bxe5 Qb6 13. Qc2 Bd7 14. e3 Qd8 15. b4 a5 16. a3 axb4 17. axb4 Qe7 18. c5 g5 19. f3 Nh5 20. f4 Bxe5 21. dxe5 d4 22. Nc4 dxe3 23. Qe2 Ng7 24. Qxe3 gxf4 25. gxf4 Qh4 26. Rad1 Red8 27. Nb6 Ra2 28. Nxd7 Kf7 29. Nf6 Rxd1 30. Rxd1 Nh5 31. Nxh5 Qxh5 32. Qf3 Qh4 33. Qg3 Qe7 34. Bf3 b6 35. Bh5+ Kf8 36. Kh1 bxc5 37. Rg1 1-0

[Event "Arco op 33rd"]
[Site "Arco"]
[Date "2011.10.25"]
[Round "4"]
[White "Milazzo, Mario"]
[Black "Lezzerini, Marco"]
[Result "1-0"]
[WhiteElo "2077"]
[BlackElo "1797"]
[PlyCount "108"]
[EventDate "2011.10.22"]
[EventType "swiss"]
[EventRounds "9"]
[EventCountry "ITA"]
[SourceTitle "EXT 2012"]
[Source "ChessBase"]
[SourceDate "2011.11.24"]
[SourceVersion "1"]
[SourceVersionDate "2011.11.24"]
[SourceQuality "1"]

1. c4 e5 2. Nc3 d6 3. g3 f5 4. Bg2 Nf6 5. d3 Be7 6. e4 c6 7. Nge2 0-0 8. 0-0 Na6 9. h3 Qe8 10. f4 Qg6 11. Kh2 Bd7 12. Be3 Qh6 13. Bd2 Qh5 14. Bf3 Qg6 15. Qc2 Rae8 16. a3 Bd8 17. Rae1 Bb6 18. b4 Nh5 19. exf5 Qxf5 20. g4 Qf6 21. Ne4 Qh4 22. f5 d5 23. Bg5 Qxe1 24. Rxe1 dxe4 25. Bxe4 Nf6 26. c5 Bd8 27. Qc4+ Kh8 28. Be3 Nc7 29. Nc3 Ng8 30. Qa2 Be7 31. Qg2 Ra8 32. b5 cxb5 33. Bxb7 Rad8 34. c6 Be8 35. Rd1 Bxa3 36. Bxa7 b4 37. Bc5 bxc3 38. Bxa3 Rf7 39. Bb4 Nd5 40. Ba5 Rd6 41. c7 Nxc7 42. Bxc3 Nf6 43. Bxe5 Rdd7 44. d4 Nfd5 45. Re1 Rfe7 46. Rc1 Kg8 47. Qa2 Kf8 48. Bc6 Rd8 49. Qa3 Bxc6 50. Rxc6 Kf7 51. Qc5 Rdd7 52. Qc4 Ke8 53. h4 Kd8 54. g5 Ke8 1-0

[Event "Arco op 33rd"]
[Site "Arco"]
[Date "2011.10.24"]
[Round "3"]
[White "Helbig, Dieter"]
[Black "Milazzo, Mario"]
[Result "0-1"]
[WhiteElo "1877"]
[BlackElo "2077"]
[PlyCount "118"]
[EventDate "2011.10.22"]
[EventType "swiss"]
[EventRounds "9"]
[EventCountry "ITA"]
[SourceTitle "EXT 2012"]
[Source "ChessBase"]
[SourceDate "2011.11.24"]
[SourceVersion "1"]
[SourceVersionDate "2011.11.24"]
[SourceQuality "1"]

1. c4 f5 2. Nc3 Nf6 3. d4 g6 4. g3 Bg7 5. Bg2 d6 6. Nf3 0-0 7. 0-0 Qe8 8. Re1 c6 9. Bf4 Nh5 10. Bd2 e5 11. d5 e4 12. Ng5 h6 13. Nh3 Na6 14. Qc1 Kh7 15. Nf4 Nf6 16. Rb1 g5 17. Nh3 Qh5 18. f3 Bd7 19. Nf2 cxd5 20. Nxd5 Nxd5 21. cxd5 Rac8 22. Bc3 exf3 23. exf3 Rfe8 24. Qd2 Qf7 25. Rxe8 Rxe8 26. Re1 Rxe1+ 27. Qxe1 Qe8 28. Qd2 Kg6 29. Bf1 Bxc3 30. Qxc3 Qc8 31. Qd2 Qc5 32. Kg2 Nc7 33. Nd3 Qxd5 34. Nf4+ gxf4 35. Qxf4 Qe5 36. Qb4 Bc6 37. Qb3 Nd5 38. Kh3 Qe3 39. Qd1 Nf6 40. Be2 d5 41. f4 d4 42. Kh4 Qf2 43. h3 Ne4 44. Bh5+ Kf6 45. Qb3 Bd5 46. Qa3 Qxg3+ 47. Qxg3 Nxg3 48. Kxg3 Bxa2 49. Kf2 Bd5 50. Bd1 a5 51. Ke2 Bc4+ 52. Kd2 Ke6 53. b3 Bb5 54. Kc1 Kd6 55. Kb2 Kc5 56. Bh5 Bc6 57. Bg6 Be4 58. Bf7 Kb4 59. Bh5 d3 0-1

[Event "Nova Gorica op-A 16th"]
[Site "Nova Gorica"]
[Date "2011.02.03"]
[Round "9"]
[White "Milazzo, Mario"]
[Black "Srebrnic, Vojko"]
[Result "1/2-1/2"]
[WhiteElo "2081"]
[BlackElo "2218"]
[PlyCount "108"]
[EventDate "2011.01.28"]
[EventType "swiss"]
[EventRounds "9"]
[EventCountry "SLO"]
[SourceTitle "CBM 140 Extra"]
[Source "ChessBase"]
[SourceDate "2011.03.01"]
[SourceVersion "1"]
[SourceVersionDate "2011.03.01"]
[SourceQuality "1"]

1. e4 g6 2. d4 c6 3. Nc3 d5 4. h3 Bg7 5. Nf3 dxe4 6. Nxe4 Nd7 7. Bc4 Ngf6 8. Ng3 Nb6 9. Bb3 0-0 10. 0-0 Nbd5 11. c4 Nc7 12. Bc2 a5 13. Rb1 Ne6 14. Be3 Qc7 15. Qd2 Rd8 16. Rfd1 b6 17. Qc1 Bb7 18. Ng5 Nxg5 19. Bxg5 Rd7 20. Bf4 Qd8 21. Be5 Ne8 22. Bxg7 Nxg7 23. Qe3 Ne6 24. Ne2 Qc7 25. Rd2 Rad8 26. Rbd1 Qd6 27. Bb3 Ng7 28. f4 Nf5 29. Qe5 e6 30. g4 Ng7 31. Qxd6 Rxd6 32. Kf2 Ne8 33. Bc2 Nc7 34. Nc3 Kg7 35. Ne4 R6d7 36. g5 Ne8 37. Ke3 Nd6 38. Nxd6 Rxd6 39. c5 bxc5 40. dxc5 Rxd2 41. Rxd2 Rxd2 42. Kxd2 f6 43. Ke3 e5 44. h4 exf4+ 45. Kxf4 Bc8 46. a3 h6 47. Be4 Bd7 48. b4 axb4 49. axb4 hxg5+ 50. hxg5 Kf7 51. Bd3 Be8 52. Bc4+ Ke7 53. Bb3 Bd7 54. Bc4 Be8 1/2-1/2

[Event "Padova op-A 13th"]
[Site "Padova"]
[Date "2010.12.19"]
[Round "9.12"]
[White "Milazzo, Mario"]
[Black "Binder, Andrea"]
[Result "1-0"]
[WhiteElo "2069"]
[BlackElo "1898"]
[PlyCount "103"]
[EventDate "2010.12.12"]
[EventType "swiss"]
[EventRounds "9"]
[EventCountry "ITA"]
[SourceTitle "EXT 2024"]
[Source "ChessBase"]
[SourceDate "2023.10.10"]
[SourceVersion "1"]
[SourceVersionDate "2023.10.10"]
[SourceQuality "1"]

1. c4 Nf6 2. Nc3 g6 3. g3 Bg7 4. Bg2 d6 5. e4 e5 6. Nge2 Nbd7 7. 0-0 h5 8. h4 0-0 9. d3 c6 10. Bg5 Qb6 11. Rb1 a5 12. Be3 Qc7 13. f3 Nc5 14. d4 exd4 15. Nxd4 Re8 16. Qd2 Nfd7 17. b3 Ne5 18. Rfd1 Ne6 19. Nce2 Nxd4 20. Bxd4 Bf8 21. Nf4 Qe7 22. Qf2 Kh7 23. Bh3 Bxh3 24. Nxh3 Bh6 25. Kg2 Kg8 26. Bc3 Qc7 27. f4 Ng4 28. Qd4 f6 29. Nf2 Nxf2 30. Kxf2 Re6 31. Rd3 Kh7 32. Re1 Rae8 33. c5 d5 34. exd5 Rxe1 35. Bxe1 cxd5 36. Qxd5 Qe7 37. Qd7 Bf8 38. Bxa5 Qxd7 39. Rxd7+ Kg8 40. b4 Rb8 41. Rd8 Rxd8 42. Bxd8 Kf7 43. Ke3 Ke6 44. Ke4 f5+ 45. Kd4 Bg7+ 46. Kc4 Kd7 47. Ba5 Bb2 48. b5 Bc1 49. Be1 Ba3 50. Bf2 Ke6 51. Be3 Kd7 52. Kb3 1-0

[Event "Padova op-A 13th"]
[Site "Padova"]
[Date "2010.12.17"]
[Round "7.12"]
[White "Milazzo, Mario"]
[Black "Litrico, Paolo"]
[Result "1-0"]
[WhiteElo "2096"]
[BlackElo "1946"]
[PlyCount "75"]
[EventDate "2010.12.12"]
[EventType "swiss"]
[EventRounds "9"]
[EventCountry "ITA"]
[SourceTitle "EXT 2024"]
[Source "ChessBase"]
[SourceDate "2023.10.10"]
[SourceVersion "1"]
[SourceVersionDate "2023.10.10"]
[SourceQuality "1"]

1. Nf3 f5 2. e4 d6 3. Nc3 Nf6 4. exf5 Bxf5 5. d4 Nbd7 6. Bd3 Bg4 7. h3 Bh5 8. g4 Bf7 9. g5 Nd5 10. g6 hxg6 11. Nxd5 Bxd5 12. Bxg6+ Bf7 13. Qd3 Rh5 14. Ng5 Rxg5 15. Bxg5 Nf6 16. 0-0-0 Qd7 17. Rde1 Qa4 18. a3 Qa5 19. Rhg1 Bxg6 20. Qxg6+ Kd7 21. h4 Rd8 22. Bxf6 exf6 23. Qf7+ Kc6 24. Re8 Rxe8 25. Qxe8+ Kb6 26. Qxf8 Qf5 27. Qxg7 Qxf2 28. Qg3 Qf5 29. Qg4 Qf2 30. Rd1 a6 31. d5 c5 32. dxc6 Kxc6 33. Qd4 Qg3 34. h5 Kc7 35. Qxf6 Qe3+ 36. Kb1 d5 37. h6 Qe2 38. Qf7+ 1-0